Statistieken voor Landen van de Wereld in 1 uur

Klik hier om de quiz te nemen!

Algemene statistieken

  • Deze quiz is 142 keer genomen
  • De gemiddelde score is 110 van 196

Antwoorden op de kaart

Antwoorden kleurgecodeerd door een groen-rode schaal op de quizkaart volgens % correct hieronder.
 

Antwoordstatistieken

Land% Correct
Canada
85%
Verenigde Staten
73%
China
70%
Mexico
70%
België
68%
India
68%
Japan
68%
Afghanistan
66%
Chili
66%
Cuba
66%
Finland
66%
Portugal
66%
Rusland
66%
Verenigd Koninkrijk
66%
Albanië
65%
Argentinië
65%
Belarus
65%
Brazilië
65%
Colombia
65%
Denemarken
65%
Duitsland
65%
Egypte
65%
Frankrijk
65%
Iran
65%
Nederland
65%
Noorwegen
65%
Oekraïne
65%
Oostenrijk
65%
Spanje
65%
Turkije
65%
Venezuela
65%
Zuid-Afrika
65%
Zweden
65%
Australië
64%
Bolivia
64%
Estland
64%
IJsland
64%
Italië
64%
Kroatië
64%
Nieuw-Zeeland
64%
Polen
64%
Zwitserland
64%
Bulgarije
63%
Griekenland
63%
Hongarije
63%
Ierland
63%
Indonesië
63%
Irak
63%
Israël
63%
Kazachstan
63%
Letland
63%
Litouwen
63%
Luxemburg
63%
Madagaskar
63%
Marokko
63%
Niger
63%
Nigeria
63%
Pakistan
63%
Peru
63%
Roemenië
63%
Saoedi-Arabië
63%
Slowakije
63%
Tsjechië
63%
Algerije
61%
Bosnië
en Herzegovina
61%
Cyprus
61%
Jemen
61%
Kosovo
61%
Nepal
61%
Noord-Korea
61%
Paraguay
61%
Suriname
61%
Thailand
61%
Vietnam
61%
Zuid-Korea
61%
Ecuador
60%
Qatar
60%
Slovenië
60%
Soedan
60%
Syrië
60%
Uruguay
60%
Andorra
59%
Bangladesh
59%
Democratische Republiek Congo
59%
Dominicaanse Republiek
59%
Georgië
59%
Ghana
59%
Haïti
59%
Honduras
59%
Libië
59%
Moldavië
59%
Mongolië
59%
Republiek Congo
59%
Servië
59%
Zuid-Soedan
59%
Filipijnen
58%
Mali
58%
Montenegro
58%
Tunesië
58%
Bahama's
56%
Dominica
56%
Ethiopië
56%
Laos
56%
Malta
56%
Monaco
56%
Noord-Macedonië
56%
Panama
56%
San Marino
56%
Somalië
56%
Taiwan
56%
Tsjaad
56%
Vaticaanstad
56%
Verenigde Arabische
Emiraten
56%
Angola
55%
Costa Rica
55%
Guyana
55%
Liechtenstein
55%
Namibië
55%
Oman
55%
Papoea-Nieuw-Guinea
55%
Turkmenistan
55%
Armenië
54%
Cambodja
54%
Myanmar
54%
Zambia
54%
Azerbeidzjan
53%
Botswana
53%
Fiji
53%
Gambia
53%
Guatemala
53%
Kenia
53%
Kirgizië
53%
Oezbekistan
53%
Sri Lanka
53%
Zimbabwe
53%
Benin
51%
Burundi
51%
Centraal-Afrikaanse
Republiek
51%
Eritrea
51%
Ivoorkust
51%
Jamaica
51%
Koeweit
51%
Mauritanië
51%
Mozambique
51%
Senegal
51%
Togo
51%
Burkina Faso
50%
Eswatini
50%
Jordanië
50%
Liberia
50%
Singapore
50%
Belize
49%
Bhutan
49%
Guinee
49%
Kaapverdië
49%
Lesotho
49%
Libanon
49%
Maleisië
49%
Oeganda
49%
Rwanda
49%
Tanzania
49%
Barbados
48%
Kameroen
48%
Nicaragua
48%
Djibouti
46%
El Salvador
46%
Gabon
46%
Malawi
46%
Bahrein
45%
Sierra Leone
45%
Equatoriaal-Guinea
44%
Guinee-Bissau
44%
Mauritius
44%
Micronesia
44%
Saint Lucia
44%
Tadzjikistan
44%
Trinidad en Tobago
44%
Kiribati
43%
Salomonseilanden
43%
Maldiven
41%
Brunei
40%
Comoren
40%
Tuvalu
40%
Marshalleilanden
39%
Oost-Timor
39%
Saint Kitts en Nevis
39%
Seychellen
39%
Grenada
38%
Palau
38%
Saint Vincent en de
Grenadines
38%
Samoa
36%
Sao Tomé en Principe
36%
Vanuatu
36%
Antigua en Barbuda
35%
Tonga
35%
Nauru
34%

Scoreverdeling

Percentiel versus Aantal Correcte Antwoorden

Procent van Mensen met Elke Score

Uw Scoregeschiedenis

U heeft deze quiz nog niet genomen